[Event "Hoogovens-B"]
[Site "Wijk aan Zee"]
[Date "1997.01.27"]
[Round "6"]
[White "Janssen, Ruud"]
[Black "Bacrot, Etienne"]
[Result "0-1"]
[WhiteElo "2350"]
[BlackElo "2500"]
[Annotator "Ribli,Z"]
[PlyCount "106"]
[EventDate "1997.01.21"]
[EventType "tourn"]
[EventRounds "11"]
[EventCountry "NED"]
[EventCategory "10"]
[SourceTitle "CBM 057"]
[Source "ChessBase"]
[SourceDate "1997.04.01"]
[SourceVersion "1"]
[SourceVersionDate "1997.04.01"]
[SourceQuality "1"]

1. c4 e5 2. Nc3 Nf6 3. Nf3 Nc6 4. g3 g6 $6 {Ich möchte nicht behaupten, daß 4..
.g6 ein schlechter Zug ist, aber meiner Meinung nach bieten 4...d5 oder 4...
Bb4 bessere Ausgleichschancen. Ribli.} 5. d4 exd4 6. Nxd4 Bg7 7. Nxc6 $6 {
Das ruhige 7.Bg2 bietet bessere Chancen, Eröffnungsvorteil zu erlangen.Ribli.}
dxc6 8. Qxd8+ Kxd8 {[#] Auf den ersten Blick scheint Weiß etwas besser zu
stehen, weil der schwarze Kd8 nicht in Scherheit ist, und der Nachziehende
noch dazu die Doppelbauern c7 und c6 hat. Aber in dieser konkreten Stellung
hat der Nachziehende mindestens gleiche Chancen, weil Weiß viele Schwachpunkte
in seiner Stellung hat,und der schwarze Bg7 besonders stark ist. Ribli.} 9. f3
(9. Bg2 Be6 10. b3 Ne4) (9. Rb1 $2 Bf5) (9. e4 $5 Nxe4 $2 (9... Re8 10. f3) (
9... Bg4 10. Be2 Bxe2 11. Kxe2 Re8 12. f3 Nd7 13. Bg5+ Kc8 14. Rac1 a5 15. Rhd1
a4 $132 {Gulko,B-Kramnik,V/Novgorod/1995/}) 10. Nxe4 Re8 11. Bg5+ f6 12. O-O-O+
$18) 9... Be6 10. e4 Nd7 11. Be3 Kc8 12. O-O-O $6 {Nach der langen Rochade
bekommt Weiß Probleme mit seinem König.Ribli.} (12. Kf2) 12... Re8 13. Be2 (13.
Bd3 Ne5) 13... Nb6 $1 14. c5 Nd7 15. Kc2 Bf8 $1 {Mit 13...Nb6,und 15...Bf8 hat
Schwarz einen guten Plan gewählt. Er provoziert Bauernzüge und schwächt so die
gegnerische Königstellung. Ribli.} 16. b4 a5 17. a3 f5 18. Bd3 Bg7 19. exf5 (
19. Bc1) 19... gxf5 20. Bc1 Ne5 21. Be2 axb4 22. axb4 b6 23. Rhe1 Kb7 24. f4 $6
(24. Bb2 $5) 24... Ng4 25. Bxg4 fxg4 26. Bb2 bxc5 27. Ne4 $5 (27. bxc5 Ra5 $1)
27... Bf5 28. Bxg7 Bxe4+ (28... Rxe4 29. Rxe4 Bxe4+ 30. Kc3 cxb4+ 31. Kxb4 Bd5)
29. Kc3 cxb4+ 30. Kxb4 Bd5 31. Rxe8 Rxe8 {Nach diesen Komplikationen haben wir
eine Stellung, in der Schwarz einen Mehrbauern hat, aber die, wegen der
ungleichfarbigen Läufer und des Doppelbauerns, technisch nicht leicht zu
gewinnen ist. Aber mit Türmen auf dem Brett bieten die ungleichfarbigen Läufer
- wie diese Partie zeigt - gute Angriffschancen. Ribli.} 32. Be5 Ra8 33. Ra1
Rd8 34. Rd1 (34. f5 $5 $15) 34... Rb8 $1 35. Kc5 Kc8 36. Rd2 Rb3 37. Kd4 (37.
f5) 37... Kd7 38. Rc2 h5 39. Bf6 (39. Ra2 $5 Rxg3 $2 (39... Rb4+ 40. Kc5 $4 (
40. Kc3 Rc4+ 41. Kd3 Rc1 42. Ra7 Rh1 (42... Ke6 43. Rxc7 Rh1) 43. f5) 40...
Rc4#) 40. hxg3 Bxa2 41. Bf6 $11) 39... Ke6 40. Be5 Kd7 41. Bf6 Rb4+ 42. Ke3
Re4+ 43. Kd2 (43. Kd3 Re6 44. Be5) 43... Bc4 44. Be5 (44. Rc3 Re2+ 45. Kd1 Bb5)
44... c5 45. Kc3 {Die weiße Stellung ist kaum zu halten, aber er spielt auch
sehr passiv, ohne seine einzige Gegenchance, das eventuelle f4-f5, zu nutzen.
Diese Abwartetaktik hat in unserer Partie katastrophale Folgen. Ribli.} Kc6 46.
Rd2 Bd5 47. Rb2 Re3+ 48. Kd2 Rf3 49. Rc2 c4 50. Kc1 Kc5 $19 51. Kb2 Rb3+ 52.
Kc1 Be4 53. Rb2 Rf3 {Und Weiß befindet sich im Mattnetz.Ribli.} 0-1

[Event "Reykjavik op"]
[Site "Reykjavik"]
[Date "1996.??.??"]
[Round "7"]
[White "Conquest, Stuart"]
[Black "Olafsson, Helgi"]
[Result "1/2-1/2"]
[WhiteElo "2540"]
[BlackElo "2485"]
[Annotator "Ribli,Z"]
[PlyCount "69"]
[EventDate "1996.03.??"]
[EventType "swiss"]
[EventRounds "9"]
[EventCountry "ISL"]
[SourceTitle "CBM 052"]
[Source "ChessBase"]
[SourceDate "1996.06.01"]
[SourceVersion "1"]
[SourceVersionDate "1996.06.01"]
[SourceQuality "1"]

1. c4 e5 2. g3 Nf6 3. Bg2 d5 4. cxd5 Nxd5 5. Nc3 Nb6 6. Nf3 Nc6 7. O-O Be7 8.
Rb1 O-O 9. b4 a6 10. a3 (10. a4 Nxb4 $1 11. Nxe5 a5 12. d4 c6 13. e4 Be6 $10 {
Georgiev,Ki-Morozevich,A/Tilburg/1993/CBM39/INF59,45/}) 10... Bg4 $146 (10...
Be6 11. d3 f6 12. Ne4 (12. Be3 $5) 12... Ba2 13. Rb2 Bd5 14. Nc5 Rb8 15. e4 Bf7
16. Qc2 Bxc5 17. bxc5 Nc8 18. Be3 N8a7 19. a4 a5 20. Qc3 Qd7 $13 {Miezis,
N-Tukmakov,V/Biel op/1995/EXP48/}) (10... Re8 11. d3 Bf8 12. Bb2 Bf5 $5 {
Neu Idee.} 13. Qc2 (13. Nd2 $5) 13... Qd7 14. Ne4 Bxe4 15. dxe4 Bd6 16. e3 Na7
17. Nd2 Qa4 $10 {Sher,M-Tiviakov,S/RUS-ch Elista/1995/CBM50/INF65,(29)/}) 11.
d3 Re8 12. Be3 (12. Bb2 $5) 12... Bf8 13. Nd2 {/\ Nb3,Na5 /^ g2-b7} a5 14. bxa5
(14. b5 Nd4 15. Bxb7 Rb8 16. Bg2 Bxa3 $13 {/\ Bb4}) 14... Rxa5 15. Bxb6 cxb6
16. Nc4 Ra6 {Schwarz hat zwar den Doppelbauern auf der b-Linie, aber sein
Läuferpaar und der Druck gegen den a-Bauern geben ihm genügend Gegenchancen.}
17. a4 Be6 18. Qc1 Bc5 19. Rd1 Bd4 $5 {>< a4} 20. e3 Bxc3 21. Qxc3 Qc7 22. Rb5
{/\ Nxe5} Bxc4 23. Qxc4 Rea8 24. Ra1 Ra5 $1 25. h4 Rxb5 26. Qxb5 Ra5 27. Qb2 g6
$1 {Der Nachziehende sichert seine Grundlinie.} 28. Bf3 h5 29. Kg2 Kg7 30. Ra3
Qd6 $1 {Schwarz droht jetzt mit /\ b5.} 31. Rb3 {Dieser Zug führt bald zum
Remisschluß.} (31. Rc3 $5) 31... Rxa4 32. Rxb6 Rb4 $1 33. Qa3 Qf8 34. Rxb4 Qxb4
35. Qxb4 1/2-1/2

[Event "URS-ch58"]
[Site "Moscow"]
[Date "1991.??.??"]
[Round "10"]
[White "Akopian, Vladimir Eduardovic"]
[Black "Yakovich, Yuri"]
[Result "1-0"]
[WhiteElo "2590"]
[BlackElo "2560"]
[Annotator "Ribli,Z"]
[PlyCount "87"]
[EventDate "1991.11.??"]
[EventType "swiss"]
[EventRounds "11"]
[EventCountry "URS"]
[SourceTitle "URS-ch"]
[Source "ChessBase"]
[SourceDate "1999.07.01"]
[SourceVersion "1"]
[SourceVersionDate "1999.07.01"]
[SourceQuality "1"]

1. c4 e5 2. Nc3 Nf6 3. g3 d5 4. cxd5 Nxd5 5. Bg2 Nb6 6. Nf3 Nc6 7. O-O Be7 8.
a3 O-O 9. b4 Be6 10. d3 Nd4 11. Bb2 Bb3 (11... Nxf3+ 12. Bxf3 c6 13. Ne4 Nd7
14. Qc2 Bd5 15. Nd2 Bxf3 16. Nxf3 Bd6 17. d4 Re8 $10 {Salov,V-Khalifman,A
Reykjavik WCup 1991 CBM/26 52/(38)}) 12. Qc1 Nxf3+ 13. Bxf3 c6 14. Ne4 (14. Rb1
f6 $6 (14... a5 $1) 15. Ba1 Be6 16. Rd1 Qe8 17. b5 Rb8 18. a4 Qf7 19. a5 $14 {
Uhlmann,W-Stohl,I Dortmund-A 1991 CBM/23 51/(37)}) 14... Nd7 15. d4 $1 exd4 16.
Bxd4 Bd5 17. Qb2 f6 18. Rfd1 Qe8 19. Nd2 Nb6 20. Bxd5+ Nxd5 21. Nc4 Rf7 22. e4
$1 Nc7 23. Bc5 b5 24. Bxe7 bxc4 25. Bd6 Qxe4 26. Rd4 Qe6 27. Bxc7 Rxc7 28. Rc1
$14 a5 29. bxa5 Qe5 30. Qc3 Qb5 31. Qe1 $1 h6 32. Rcxc4 Rxa5 33. Qe6+ Kh7 34.
Rd8 Qf5 35. Qg8+ Kg6 36. Rf4 Qb1+ 37. Kg2 Rf5 38. Rg4+ Rg5 39. Qe8+ Kh7 40.
Rxg5 fxg5 41. Qg8+ Kg6 42. Rd6+ Kh5 43. Qe8+ g6 44. h3 1-0

[Event "Tilburg"]
[Site "Tilburg"]
[Date "1990.09.22"]
[Round "13"]
[White "Ivanchuk, Vassily"]
[Black "Timman, Jan H"]
[Result "1-0"]
[WhiteElo "2680"]
[BlackElo "2660"]
[Annotator "Ribli,Z"]
[PlyCount "112"]
[EventDate "1990.09.??"]
[EventType "tourn"]
[EventRounds "14"]
[EventCountry "NED"]
[EventCategory "16"]
[SourceTitle "CBM 020"]
[Source "ChessBase"]
[SourceDate "1991.02.01"]
[SourceVersion "1"]
[SourceVersionDate "1991.02.01"]
[SourceQuality "1"]

1. c4 e5 2. g3 Nf6 3. Bg2 d5 4. cxd5 Nxd5 5. Nf3 Nc6 6. O-O Nb6 7. Nc3 Be7 8.
a3 O-O 9. b4 Be6 10. Rb1 f6 11. d3 Qe8 $5 12. Nd2 Qf7 13. Nb3 Rab8 14. Qc2 Rfd8
15. Bxc6 $5 bxc6 16. Na5 Qe8 17. Bd2 f5 18. Rfc1 Rd6 19. b5 $1 Qh5 20. Nxc6 Re8
21. Nxe7+ Rxe7 22. f3 g5 23. Rf1 g4 24. f4 e4 25. dxe4 Nc4 26. Bc1 fxe4 27. f5
$5 Bxf5 28. Qa4 Nb6 (28... Ne5 29. Bf4) 29. Qxa7 e3 30. Rb4 $1 Rh6 31. h4 gxh3
32. Rbf4 h2+ 33. Kh1 Bh3 34. Qb8+ Re8 35. Rf8+ $1 Kg7 36. Qxc7+ Nd7 37. R1f7+
Qxf7 38. Rxf7+ Kxf7 39. Qf4+ Kg6 40. Kxh2 Rh5 41. Qd6+ Nf6 42. Kg1 Rf5 43. Qd3
Kh5 44. g4+ $1 Kxg4 45. Bxe3 Rg8 46. Kh2 Kh4 47. Bg5+ $1 Kxg5 48. Kxh3 Nh5 49.
Nd5 Rg6 50. Qe3+ Nf4+ 51. Nxf4 Rxf4 52. b6 Kf5 53. Qc5+ Ke4 54. Qe7+ Kf5 55.
Qxh7 Re4 56. b7 Re3+ 1-0

[Event "FIDE-Wch k.o."]
[Site "New Delhi/Teheran"]
[Date "2000.12.02"]
[Round "2.3"]
[White "Khalifman, Alexander"]
[Black "Lutz, Christopher"]
[Result "1-0"]
[WhiteElo "2667"]
[BlackElo "2595"]
[Annotator "Ribli,Z"]
[PlyCount "157"]
[EventDate "2000.11.27"]
[EventType "k.o."]
[EventRounds "7"]
[EventCountry "IND"]
[SourceTitle "CBM 081"]
[Source "ChessBase"]
[SourceDate "2001.03.20"]
[SourceVersion "1"]
[SourceVersionDate "2001.03.20"]
[SourceQuality "1"]

1. c4 {Der FIDE-Weltmeister - inzwischen bereits Exweltmeister - spielt in
letzter Zeit gerne die Englische Eröffnung.} Nf6 2. Nc3 e5 3. Nf3 Nc6 4. g3 d5
5. cxd5 Nxd5 6. Bg2 Nb6 7. O-O Be7 8. Rb1 g5 {Das ist ein - auf den ersten
Blick - unerwarteter Zug. Mit vertauschten Farben hingegen wäre dieser Zug
keineswegs ungewoenlich, denn in der Sizilianischen Drachenvariante (und mit
der haben wir es hier eigentlich zu tun) spielt man diesen Bauernzug. Die
schwarze Hauptidee ist, den Nf3 zu verjagen und Raum am Königsflügel zu
gewinnen.} 9. b4 (9. d4 exd4 10. Nb5 Bf5 11. Ra1 Be4 $1 12. Nbxd4 Nxd4 13. Qxd4
(13. Nxd4 $5 Bxg2 14. Kxg2 $13 Qd5+ $6 15. e4 $5 Qxe4+ 16. f3 Qd5 17. Re1 $36)
13... Qxd4 14. Nxd4 Bxg2 15. Kxg2 O-O-O 16. Nf3 (16. Nf5 Bf6 $15) 16... Rhg8 $1
{0-1 Claesen,P-Gurevich,M/Antwerpen 1994/Inf 61/[Gurevich,M] (64)}) (9. d3 h5 (
9... Be6 10. Qd2 h6 11. Qe3 Nd5 12. Nxd5 Bxd5 13. Bh3 Qd6 14. b4 Bxa2 15. Rb2
Be6 16. Bxe6 Qxe6 17. b5 Nd4 {0-1 Kumaran,D-Hector,J/Copenhagen 1996/CBM 55 
(38)}) 10. Be3 (10. b4 $5) (10. a3 h4 11. b4 hxg3 12. hxg3 a6 $6 {0-1 Serper,
G-Kortchnoi,V/Groningen 1993/Inf 59/[Kortchnoi,V] (34)} (12... Qd6 $1 13. Nb5
Qh6 14. Nxc7+ Kf8 15. Nxa8 Nxa8 $44)) (10. b3 Be6 11. Bb2 Qd7 12. d4 exd4 13.
Nb5 O-O-O 14. Nfxd4 Nxd4 15. Nxd4 Bh3 16. Qc2 {1-0 Mulyar,M-Grechikhin,V/
Philadelphia 2000/EXT 2001 (39)}) 10... g4 11. Nd2 Nd4 12. Rc1 $6 (12. b4 $13)
12... h4 13. Nc4 Nxc4 14. dxc4 c6 $15 {0-1 Miezis,N-Smirin,I/New York 73/33
1998/Inf 73/[Smirin,I] (30)}) 9... g4 10. Ne1 Nxb4 {Schwarz hat einen Bauern
mehr, doch seine Bauernstellung ist schwach. Weiß hingegen hat - dank des Bg2
und der offenen b-Linie - spürbar die Initiative am Damenflügel.} 11. Nc2 (11.
f4 exf4 12. Rxf4 N4d5 13. Nxd5 Nxd5 14. Rf1 Ne3 $4 15. Qa4+ c6 (15... Bd7 16.
Qd4 $18) 16. dxe3 {1-0 Rothermel,T-Gelfenboim,J/Wuertemberg 1999/EXT 2000 (21)}
) 11... Nc6 (11... Nxc2 12. Qxc2 c6 13. a4 $44) 12. Bxc6+ {Weiß gibt seinen
weißfeldrigen Läufer freiwillig her, dafür bekommt er jedoch die klar bessere
Bauernstruktur.} bxc6 13. d4 f6 (13... exd4 14. Nxd4 c5 (14... Bc5 15. Nxc6 Qf6
16. Bg5 $3 Qxg5 17. Ne4 $18) (14... Bd7 15. Qd3 $16) 15. Nc6 Qxd1 16. Rxd1 Bd6
17. Bf4 $16 {Gulko,B}) 14. dxe5 (14. Qd3 $5 Be6 15. f4 $13) 14... Qxd1 15. Rxd1
fxe5 16. Ba3 $5 $146 {Das ist die - wie ich glaube, gut vorbereitete -
Neuerung für das weiße Spiel. Dieser Zug ist aber auch sehr logisch, denn
durch den Läufertausch verliert Schwarz den Vorteil des Läuferpaares.} (16. Nb4
Bf5 $1 17. e4 Bxb4 (17... Bd7 $5) 18. Rxb4 Be6 19. Bg5 Rf8 20. Rb2 Rf3 21. Nb1
Rc8 {0-1 Gulko,B-Benjamin,J/USA (ch) 1997/Inf 70/[Benjamin,Joel] (33)}) 16...
a5 (16... Bxa3 17. Nxa3 Be6 $13) 17. Bxe7 Kxe7 18. Ne1 {[%cal Ge1d3,Gd3c5,
Gd3e5] Der Springer strebt nach d3, von wo aus er nach c5 gehen und den Pe5
attackieren kann.} Ba6 19. Nd3 Bxd3 (19... Nd7 20. Ne4 $44) 20. exd3 $5 $44 {
[%mdl 16] Mit diesem Zug schwächt Weiß freiwllig seine Bauernstellung. Nun
aber kann er, da die e-Linie geöffnet ist, den Pe5 mit Re1 angreifen.} (20.
Rxd3 $6 Rhd8 $13) 20... Rhd8 21. Ne4 {[%cal Gb1c1,Gc1c6] Droht 22.Rc1, und der
Pc6 hängt.} Nd5 (21... Rd4 22. Rdc1 (22. Rbc1 Rad8 23. Rxc6 $2 Rxe4 $19) 22...
Rxd3 23. Rxc6 $44) 22. Rbc1 Ra6 (22... Nb4 23. a3 Nxd3 24. Rxc6 $44) 23. a3 h5
$6 (23... Nf6 $142) 24. Re1 {[%csl Re5,Re7][%cal Ge1e7]} Rb6 25. Nd2 $14 {
[%cal Gd2c4,Gc4e5,Gc4b6] Der Springer strebt nach c4, von wo aus er den Pe5
attackiert.} Kf6 26. Nc4 {[%csl Gc4]} (26. Rc5) 26... Rb3 27. Rxe5 (27. Nxa5
Rxa3 (27... Rxd3 28. Nxc6 Re8 29. a4 $14) 28. Nxc6 Re8 $11) 27... Rxd3 28. Rxh5
{Jetzt wird der Nachteil des Zuges 23...h5 offensichtlich.} Rc3 $6 (28... Nc3
29. Kg2 $14) 29. Rxc3 Nxc3 30. Ne3 {[%csl Rg4][%cal Re3g4][%mdl 4096]} (30.
Rxa5 $16) 30... Rd4 31. Rc5 {[%csl Gc5] Das ist bemerkenswert: alle vier
schwarzen Bauern sind schwach.} Nb5 32. Rxc6+ $16 {Weiß hat einen Mehrbauern
und der schwarze Pg4 ist eine weitere Schwäche.} Kf7 33. Rc5 c6 (33... Nxa3 $6
34. Rxa5 Nc4 35. Ra4 Ne5 36. Rxd4 Nf3+ 37. Kg2 Nxd4 38. Nxg4 $18) 34. Nc4 $1 {
[%csl Gc4]} (34. Rxc6 $6 Nxa3) 34... Ke6 35. Kg2 (35. Nxa5) 35... a4 36. h3 {
Weiß tauscht die Bauern am Königsflügel. Mit den beiden verbundenen Freibauern
hat er ausgezeichnete Gewinnchancen. Der Rc5 und der Nc4 stehen so gut, dass
Schwarz am Damenflügel nichts auszurichten vermag.} gxh3+ 37. Kxh3 Nd6 38. Nb6
(38. Nxd6 $6 Kxd6 $16 {[%csl Gc6]}) 38... Nb5 39. Rxc6+ Kf7 40. Rc4 Rd2 (40...
Rxc4 41. Nxc4 $18) 41. Rf4+ Kg7 42. Nxa4 Nxa3 43. Nc5 $18 {Mit zwei
verbundenen Mehrbauern gewinnt Weiß leicht. Man muss hier anmerken, dass es
sich bei dieser Partie um die erste sogenannte Tie-break Partie mit verkürzter
Bedenkzeit handelte. Normalerweise würde Schwarz diese Stellung sofort
aufgeben.} Nc2 44. Ne4 Rd5 45. Rg4+ Kf7 46. Rg5 {Weiß möchte die Stellung
natürlich vereinfachen. N+P+P gegen N gewinnt ebenso leicht, wie R+P+P gegen R.
} Rd4 47. Rc5 Ne1 (47... Rxe4 48. Rxc2 $18) 48. Ng5+ Kf6 49. g4 Nd3 50. Rf5+
Kg6 51. f3 Nf4+ 52. Kg3 Nh5+ 53. Kh4 Rd1 54. Nh3 {Jetzt droht 55.Nf4+ mit
sofortigem Springertausch.} Ng7 55. Nf4+ Kh7 56. Rd5 Rf1 57. Rd3 Ra1 58. Rd7
Kg8 59. Nd5 Ne6 60. Re7 Nd4 61. f4 Kf8 62. Re4 Nf3+ 63. Kg3 Nd2 (63... Ra3 64.
Re3 $18) 64. Re2 Ra3+ 65. Ne3 Ne4+ (65... Nc4 66. Kf3 $18) 66. Kf3 Nd6 67. Rc2
Kf7 68. Rc7+ Ke8 69. f5 Nf7 70. Kf4 Nd6 71. Nd5 Ra4+ 72. Kg5 Nf7+ 73. Kf6 Nd6 (
73... Ra6+ 74. Kg7 $18) 74. g5 Ra5 75. Ke6 Ra6 76. Nf6+ Kf8 77. Nd7+ Kg8 78.
Nb8 Rb6 79. Rc6 1-0

[Event "Capablanca Memorial Elite 31st"]
[Site "Cienfuegos"]
[Date "1996.??.??"]
[Round "5"]
[White "Hernandez Guerrero, Gilberto Eduardo"]
[Black "Arencibia Rodriguez, Walter"]
[Result "0-1"]
[WhiteElo "2555"]
[BlackElo "2515"]
[Annotator "Ribli,Z"]
[PlyCount "70"]
[EventDate "1996.05.??"]
[EventType "tourn"]
[EventRounds "13"]
[EventCountry "CUB"]
[EventCategory "12"]
[SourceTitle "CBM 054"]
[Source "ChessBase"]
[SourceDate "1996.10.01"]
[SourceVersion "1"]
[SourceVersionDate "1996.10.01"]
[SourceQuality "1"]

1. Nf3 d5 2. g3 Nc6 3. Bg2 e5 4. d3 Nf6 5. O-O Be7 6. c4 O-O 7. cxd5 Nxd5 8.
Nc3 Nb6 9. a3 Re8 {Nach ungewoehnlicher Zugfolge sind wir endlich in der Mitte
der Hauptvariante.} 10. b4 a5 11. b5 Nd4 12. Bb2 (12. Nd2 $5 Rb8 13. e3 Ne6 14.
Nf3 f6 15. Qc2 Bf8 16. Rd1 Qe7 17. Bb2 Rd8 18. Ne4 a4 19. d4 $14 {Bischoff,
K-Stajcic,N/AUT-chT 9596/}) 12... Bf8 (12... c5 $2 13. Nd2 $1 Qc7 14. e3 $16 {
Lobron,E/Sokolov,A/Bern op/1994/CBM39/}) 13. Ne4 (13. Nd2 $5 Bd7 (13... c6 14.
bxc6 Nxc6 15. Rb1 a4 16. Nb5 Be6 17. e3 Ba2 18. Rc1 Bd5 19. Nf3 $14 {Petursson,
M-Fernandez Garcia,J/Novi Sad olm/1990/INF50,30/}) (13... a4 14. e3 Ne6 15. Nf3
Nc5 16. Nxe5 $1 Rxe5 17. d4 Rg5 $2 (17... Re8 $5 18. dxc5 Qxd1 19. Rfxd1 Bxc5
20. Rdc1 $1 $14 (20. Rac1 $2 Nc4 $1 $36 {Uhlmann,W-Kozul,Z/Novi Sad ol/1990/
INF59,(52)/})) 18. dxc5 Qxd1 19. Raxd1 Rxc5 20. Rd8 $16 {Gulko,B-Short,N/
PCA-Wch/1994/CBM42/INF61,32/}) 14. a4 c6 15. e3 Ne6 16. Nf3 Nc7 17. bxc6 Bxc6
18. e4 Qd7 19. Qb3 Bb4 20. Rfd1 Na6 21. d4 $36 {Gulko,B-Morozevich,A/Moscow
PCA/1995/EXP46/}) 13... a4 14. Bxd4 exd4 15. Qc2 Ra5 $6 16. Qb2 f5 17. Ned2 $6
{Warum nicht l7.Ng5? Dann droht l8.Qa2 und gleichzeitig hängt d4.} Rxe2 18.
Nxd4 Re8 19. Rfe1 Be7 20. Nc4 Nxc4 21. dxc4 $16 {Schwarz hat seriöse Probleme
mit der Koordination seiner Figuren. Der weiße g2-Läufer ist sehr stark.} Bc5
22. Bd5+ Kh8 23. Rxe8+ Qxe8 24. Nf3 Qf8 25. Re1 $6 (25. Ne5 $1 {und ein
vernünftiger Zug ist schwer zu finden.}) 25... h6 26. Qe2 Bd7 $13 27. Bxb7 Bxa3
28. Rd1 Bd6 29. c5 (29. Nd4 $5) 29... Rxb5 30. cxd6 Rxb7 31. Qe7 Qc8 32. Rc1 {
Ich denke, Weiß war in großer Zeitnot. Allmählich verpfuscht er seine Stellung.
} a3 33. dxc7 a2 34. Qa3 (34. Qxd7 Qxd7 35. c8=Q+ Qxc8 36. Rxc8+ Kh7 37. Rc1
Rb1 $19) (34. Qd8+ Kh7 35. Qxc8 Bxc8 $19) 34... Rb1 35. Nd2 a1=Q {Ribli} 0-1

[Event "Balkaniad"]
[Site "Kavala"]
[Date "1990.??.??"]
[Round "3"]
[White "Cvetkovic, Srdjan"]
[Black "Skalkotas, Nikolaos"]
[Result "1-0"]
[WhiteElo "2430"]
[BlackElo "2325"]
[Annotator "Ribli,Z"]
[PlyCount "69"]
[EventDate "1990.10.??"]
[EventType "team"]
[EventRounds "6"]
[EventCountry "GRE"]
[SourceTitle "CBM 021"]
[Source "ChessBase"]
[SourceDate "1991.04.01"]
[SourceVersion "1"]
[SourceVersionDate "1991.04.01"]
[SourceQuality "1"]

1. c4 Nf6 2. Nc3 e5 3. Nf3 Nc6 4. g3 Nd4 5. Bg2 Nxf3+ 6. Bxf3 Bb4 7. Qc2 (7.
O-O O-O 8. Bg2 d6 9. Qb3 {Azmayparashvili,Z-Kindermann,S Dortmund-A 1990 CBM/18
}) 7... O-O 8. O-O Re8 9. d3 h6 (9... c6 10. Bg5 Be7 11. Rfd1 d6 12. b4 {
Tal-Kochiev URS 1981 31/52}) 10. a3 Bxc3 11. Qxc3 d5 12. cxd5 Nxd5 13. Qc5 c6
14. Bd2 Qb6 15. Qxb6 axb6 16. a4 Nc7 17. Be3 $14 b5 18. axb5 Rxa1 19. Rxa1 Nxb5
20. Bb6 Nd4 21. Bxd4 exd4 22. Ra4 Rd8 23. Ra8 Re8 24. Ra4 Rd8 25. Ra7 Bh3 26.
Bg2 $1 (26. Rxb7 $4 Ra8 $19) 26... Bxg2 27. Kxg2 Rd7 28. Ra8+ Kh7 29. Ra7 Kg6
30. f4 Re7 31. Kf3 Re3+ 32. Kf2 Re7 33. b4 Kf6 34. Ra8 h5 $2 (34... Rd7) 35.
Rd8 1-0

[Event "Linares zt"]
[Site "Linares"]
[Date "1995.??.??"]
[Round "9"]
[White "Kelly, Brian"]
[Black "Arlandi, Ennio"]
[Result "1-0"]
[WhiteElo "2300"]
[BlackElo "2455"]
[Annotator "Ribli,Z"]
[PlyCount "81"]
[EventDate "1995.11.??"]
[EventType "swiss"]
[EventRounds "11"]
[EventCountry "ESP"]
[SourceTitle "CBM 051"]
[Source "ChessBase"]
[SourceDate "1996.04.01"]
[SourceVersion "1"]
[SourceVersionDate "1996.04.01"]
[SourceQuality "1"]

1. c4 e5 2. g3 Nf6 3. Bg2 d5 4. cxd5 Nxd5 5. Nc3 Nb6 6. Nf3 Nc6 7. O-O Be7 8.
Rb1 a5 $5 9. d3 (9. d4 exd4 10. Nb5 O-O 11. Nfxd4 Nxd4 12. Nxd4 c6 13. e4 Bf6
14. Nc2 Qxd1 15. Rxd1 Na4 $36 {Williams,S-Cooper,L/Hastings Masters/1995/EXP48/
}) 9... O-O 10. b3 $5 (10. Be3 Be6 11. Bxb6 cxb6 12. Nd2 (12. Qa4 $5 {Georgiev}
) 12... b5 $1 $36 {Gabriel,C-Georgiev,Ki/Altensteig/1995/CBM49/INF64,(33)/})
10... f5 11. Bb2 Bf6 (11... Kh8 $5 12. Nd2 Be6 13. Nc4 Bf6 14. a3 (14. f4 $5)
14... Rf7 $13 {Levin,F-Romanishin,O/Bad Endbach/1995/CBM47/}) 12. Nb5 $146 {
Weiss behandelt diese Stellung wie eine normale Sizilianische Scheweninge
Variante.} (12. Nd2 Be6 13. Nc4 Rf7 (13... Kh8 $5 {siehe 11...Kh8!?}) 14. e4 $5
(14. f4 $1 $16 {Timman}) 14... f4 15. Nxb6 cxb6 16. Nd5 $14 {Timman,J-Short,N/
Amsterdam VSB/1994/CBM41/INF60,34/}) 12... Be6 (12... Nd4 13. Nfxd4 exd4 14.
Ba3 Rf7 15. Rc1 $13) 13. a3 Rf7 14. Qc2 Rd7 15. Ba1 Rb8 {Droht /\ Nd4.} 16.
Rfc1 $1 {<-> C} Nc8 17. Nd2 Bd5 18. Bh3 g6 19. Nc4 Nd6 20. Nbxd6 cxd6 21. e4 $1
Be6 22. d4 $1 {[#] Ein interessanter Versuch, die Stellung zu verschaerfen.}
exd4 (22... Nxd4 23. Bxd4 exd4 24. exf5 Bf7 25. fxg6 Bxg6 26. Bf5 $14) 23. exf5
Bf7 24. fxg6 Bxg6 25. Bf5 {Nicht einfach zu entscheiden, ob d4 Bauern scwaech
oder stark wird.} Kg7 26. Kg2 Qg8 {Droht /\ Qd5+.} 27. Bxg6 hxg6 28. Nd2 Re8 (
28... Qd5+ 29. Qe4 Qxe4+ 30. Nxe4 Re8 31. Nxf6 Kxf6 32. b4 axb4 33. axb4 $16)
29. Nf3 Rde7 30. Qc4 d5 (30... Qxc4 31. Rxc4 $14 {>< d4}) 31. Qb5 (31. Qd3 Re4
32. Rc2 Qe6 {Siehe die Partie.}) 31... Qf7 32. Qd3 Re4 33. Rc2 Qe6 $6 (33... g5
$5 {Schwarz sollte mit diesem Zug auf seinen Angriffsplan konzetrieren.}) 34.
h4 $1 {Weiss kann jetzt fast in aller Ruhe seine Stellung verstaerken, ohne
dass der Nachziehende ueber ein erfolreiches Gegenspiel verfuegt.} Re7 35. Rd1
Qg4 36. Rcd2 $1 {>< d4} Qf5 37. Qb5 $1 {[#] Schwarz kann jetzt den
Bauernverlust nicht mehr verhindern.} g5 38. hxg5 Bxg5 39. Nxd4 Nxd4 40. Rxd4
Rxd4 41. Rxd4 (41. Rxd4 Bf6 42. Rf4 $1 $18 {Ribli}) 1-0